Poemas (1960-1986)

Saved in:
Bibliographic Details
Main Author: Meo, Franca
Format: Book
Language:Undetermined
Published: Italia AEB 1987
Subjects:
Tags: Add Tag
No Tags, Be the first to tag this record!

MARC

LEADER 00000nam a2200000Ia 4500
008 170316s9999 xx 000 0 und d
999 |c 8174  |d 8174 
040 |a cru BVZT 
090 |a 850 M-4p 
100 |a Meo, Franca 
245 |a Poemas (1960-1986)  |c / Franca Meo 
260 |a Italia  |b AEB  |c 1987 
300 |a 118 páginas 
650 |a LITERATURA ITALIANA  |9 212 
942 |c 15 D  |h 850 M-4p  |2 z